Statistics for Richest African Countries

Click here to take the quiz!

General Stats

  • This quiz has been taken 32 times
  • The average score is 8 of 10

Answer Stats

HintAnswer% Correct
$11,608Egypt
100%
$13,526South Africa
100%
$15,293Algeria
97%
$11,936Tunisia
77%
$22,356Mauritius
74%
$29,328Seychelles
74%
$17,024Botswana
65%
$18,113Gabon
58%
$10,471Namibia
58%
$24,439Equatorial Guinea
52%

Score Distribution

Percentile by Number Answered

Percent of People with Each Score

Your Score History

You have not taken this quiz